Größten Städte der Welt - Statistiken

Allgemein
  • Dieses Quiz wurde 162 mal gespielt
  • Das Durchschnittsergebnis liegt bei 157 aus 270
Antwortstatistiken
Platz Stadt Einwohner Land % Korrekt
4 Peking 18.960.744 China
96%
13 Moskau 13.010.112 Russland
95%
9 Istanbul 15.907.951 Türkei
94%
33 London 8.888.608 Großbritannien
93%
22 Tokio 9.733.276 Japan
93%
1 Shanghai 21.909.814 China
92%
95 Berlin 3.735.164 Deutschland
91%
35 New York 8.467.513 Usa
91%
2 Delhi 21.359.000 Indien
90%
21 Kairo 10.100.166 Ägypten
90%
105 Madrid 3.305.408 Spanien
89%
174 Paris 2.206.488 Frankreich
89%
62 Ankara 5.186.002 Türkei
87%
17 Jakarta 10.562.088 Indonesien
87%
90 Los Angeles 3.849.297 Usa
87%
34 Mexiko-Stadt 8.843.706 Mexiko
87%
15 Sao Paulo 12.200.180 Brasilien
87%
26 Seoul 9.586.195 Südkorea
87%
60 Sydney 5.231.147 Australien
87%
206 Hamburg 1.888.879 Deutschland
86%
24 Lima 9.674.800 Peru
86%
6 Kinshasa 16.316.000 Demokratische Republik Kongo
85%
12 Mumbai 13.127.825 Indien
85%
268 München 1.505.254 Deutschland
85%
45 Rio de Janeiro 6.625.849 Brasilien
85%
127 Rom 2.872.800 Italien
85%
8 Lagos 15.946.000 Nigeria
84%
245 Barcelona 1.636.193 Spanien
83%
37 Bogota 7.936.500 Kolumbien
83%
40 Hongkong 7.413.070 China
83%
65 Melbourne 5.031.195 Australien
83%
74 Nairobi 4.397.073 Kenia
83%
54 St. Petersburg 5.601.911 Russland
83%
32 Teheran 9.039.000 Iran
83%
51 Bangkok 5.666.264 Thailand
82%
67 Johannesburg 4.803.262 Südafrika
82%
68 Kapstadt 4.772.846 Südafrika
82%
43 Riad 6.924.566 Saudi Arabien
82%
50 Singapur 5.685.807 Singapur
82%
191 Wien 2.006.134 Österreich
82%
44 Bagdad 6.719.476 Irak
81%
122 Brasilia 2.923.369 Brasilien
81%
111 Buenos Aires 3.120.612 Argentinien
81%
19 Dhaka 10.278.882 Bangladesch
81%
99 Hanoi 3.605.364 Vietnam
81%
135 Osaka 2.752.412 Japan
81%
58 Alexandria 5.263.542 Ägypten
80%
124 Algier 2.902.000 Algerien
80%
139 Chicago 2.696.555 Usa
80%
30 Luanda 9.079.800 Angola
80%
223 Budapest 1.752.704 Ungarn
79%
141 Dakar 2.646.503 Senegal
79%
106 Dubai 3.291.166 Vereinigte Arabische Emirate
79%
168 Houston 2.288.520 Usa
79%
119 Kiew 2.952.301 Ukraine
79%
176 Perth 2.192.229 Australien
79%
138 Quito 2.735.987 Ecuador
79%
131 Toronto 2.794.356 Kanada
79%
210 Warschau 1.860.281 Polen
79%
167 Accra 2.291.352 Ghana
78%
101 Addis Abeba 3.480.229 Äthiopien
78%
186 Caracas 2.089.012 Venezuela
78%
193 Kuala Lumpur 1.982.112 Malaysia
78%
211 Manila 1.846.513 Philippinen
78%
112 Pjongjang 3.038.000 Nordkorea
78%
231 Belgrad 1.685.563 Serbien
77%
7 Guangzhou 16.096.724 China
77%
73 Kabul 4.434.600 Afghanistan
77%
61 Santiago 5.220.161 Chile
77%
18 Wuhan 10.494.879 China
77%
92 Abuja 3.840.000 Nigeria
76%
213 Amman 1.812.059 Jordanien
76%
142 Baku 2.616.948 Aserbaidschan
76%
103 Casablanca 3.359.818 Marokko
76%
179 Havanna 2.131.183 Kuba
76%
42 Ho Chi Minh 7.004.921 Vietnam
76%
149 Brisbane 2.568.927 Australien
75%
192 Minsk 1.995.471 Belarus
75%
257 Philadelphia 1.576.251 Usa
75%
151 Sanaa 2.545.000 Jemen
75%
28 Xian 9.392.938 China
75%
23 Chennai 9.722.974 Indien
74%
248 Auckland 1.628.900 Neuseeland
73%
243 Beirut 1.650.000 Libanon
73%
212 Bukarest 1.819.419 Rumänien
73%
20 Hyderabad 10.269.000 Indien
73%
225 Hyderabad 1.734.409 Pakistan
73%
48 Kalkutta 6.112.874 Indien
73%
14 Lahore 13.004.135 Pakistan
73%
166 Mogadischu 2.330.700 Somalia
73%
228 Montreal 1.704.694 Kanada
73%
70 Xiamen 4.617.251 China
73%
79 Bamako 4.227.569 Mali
72%
194 Brazzaville 1.982.000 Kongo
72%
53 Abidjan 5.616.633 Elfenbeinküste
71%
36 Ahmedabad 8.253.226 Indien
71%
160 Belo Horizonte 2.392.678 Brasilien
71%
104 Busan 3.349.016 Südkorea
71%
181 Damaskus 2.103.000 Syrien
71%
56 Dar Es Salaam 5.383.728 Tansania
71%
78 Durban 4.239.901 Südafrika
71%
120 Izmir 2.948.160 Türkei
71%
195 Khartum 1.974.647 Sudan
71%
165 Nagoya 2.332.176 Japan
71%
10 Bengaluru 14.254.786 Indien
70%
234 Kampala 1.680.600 Uganda
70%
177 Lome 2.188.376 Togo
70%
143 Medellin 2.611.100 Kolumbien
70%
161 Mekka 2.385.509 Saudi Arabien
70%
154 Ouagadougou 2.485.600 Burkina Faso
70%
169 Phnom Penh 2.281.951 Kambodscha
70%
249 Phoenix 1.624.569 Usa
70%
82 Pretoria 4.040.315 Südafrika
70%
148 Santo Domingo 2.581.827 Dominikanische Republik
70%
5 Shenzhen 17.444.609 China
70%
118 Taschkent 2.956.384 Usbekistan
70%
16 Tianjin 11.052.404 China
70%
3 Karachi 20.382.881 Pakistan
69%
153 Lusaka 2.526.100 Sambia
69%
86 Pune 3.891.823 Indien
69%
178 Almaty 2.147.113 Kasachstan
68%
98 Dschidda 3.712.917 Saudi Arabien
68%
69 Rangun 4.728.524 Myanmar
68%
152 Bandung 2.527.854 Indonesien
67%
11 Chengdu 13.568.357 China
67%
107 Chittagong 3.227.246 Bangladesch
67%
241 Conakry 1.660.973 Guinea
67%
80 Jaipur 4.067.826 Indien
67%
224 Kigali 1.745.555 Ruanda
67%
196 Sapporo 1.973.395 Japan
67%
94 Yokohama 3.777.491 Japan
67%
75 Gizeh 4.367.343 Ägypten
66%
182 Aleppo 2.100.000 Syrien
65%
29 Hangzhou 9.236.032 China
65%
76 Kano 4.348.000 Nigeria
65%
235 Monrovia 1.678.000 Liberia
65%
41 Shenyang 7.026.358 China
65%
116 Surabaya 2.972.801 Indonesien
65%
134 Yaounde 2.765.600 Kamerun
65%
172 Cali 2.250.800 Kolumbien
64%
39 Nanjing 7.519.814 China
64%
247 Nowosibirsk 1.633.595 Russland
64%
52 Changsha 5.630.256 China
63%
146 Fortaleza 2.596.157 Brasilien
63%
270 Recife 1.494.586 Brasilien
63%
38 Surat 7.567.538 Indien
63%
66 Dalian 4.913.879 China
62%
31 Foshan 9.042.509 China
62%
47 Qingdao 6.165.279 China
62%
59 Harbin 5.242.897 China
61%
262 Puebla 1.542.232 Mexiko
61%
144 Salvador 2.610.987 Brasilien
61%
220 Adana 1.779.463 Türkei
60%
72 Changchun 4.557.356 China
60%
25 Dongguan 9.644.871 China
60%
85 Wuxi 3.956.985 China
60%
108 Faisalabad 3.204.726 Pakistan
59%
261 Jekaterinburg 1.544.376 Russland
59%
27 Chonqing 9.580.810 China
58%
64 Hefei 5.055.978 China
58%
88 Ibadan 3.875.000 Nigeria
58%
87 Shantou 3.890.169 China
58%
145 Taipei 2.602.418 Taiwan
58%
46 Zhengzhou 6.461.013 China
58%
57 Kunming 5.273.144 China
57%
251 Fukuoka 1.612.932 Japan
56%
55 Jinan 5.452.335 China
56%
202 Santa Cruz 1.903.486 Bolivien
56%
49 Suzhou 5.892.892 China
56%
258 Agra 1.574.542 Indien
55%
132 Douala 2.768.400 Kamerun
55%
109 Kanpur 3.203.932 Indien
54%
265 Kobe 1.525.152 Japan
54%
126 Nagpur 2.886.562 Indien
54%
71 Nanning 4.582.703 China
54%
89 Urumqi 3.864.136 China
54%
158 Daegu 2.410.700 Südkorea
53%
156 Indore 2.463.588 Indien
53%
113 Lanzhou 3.012.577 China
53%
83 Neu-Taipei 4.030.954 Taiwan
53%
110 Changzhou 3.187.315 China
52%
97 Fuzhou 3.723.454 China
52%
102 Port Harcourt 3.480.000 Nigeria
52%
147 Wenzhou 2.582.017 China
51%
209 Curitiba 1.871.789 Brasilien
50%
121 Incheon 2.945.154 Südkorea
50%
187 Manaus 2.054.731 Brasilien
50%
218 Bhopal 1.795.648 Indien
49%
84 Guiyang 4.021.275 China
49%
96 Ningbo 3.731.203 China
49%
91 Zhongshan 3.841.873 China
49%
136 Zibo 2.750.312 China
49%
170 Guayaquil 2.278.691 Ecuador
47%
123 Kumasi 2.907.000 Ghana
46%
114 Maschhad 3.001.184 Iran
46%
137 Linyi 2.743.843 China
45%
201 Baoding 1.940.384 China
44%
180 Baotou 2.104.114 China
44%
264 Kawasaki 1.538.262 Japan
44%
214 Tijuana 1.810.645 Mexiko
43%
188 Bursa 2.051.464 Türkei
42%
63 Shijiazhuang 5.090.440 China
42%
200 Benin City 1.953.000 Nigeria
41%
185 Huizhou 2.090.578 China
41%
93 Lucknow 3.790.274 Indien
41%
222 Maracaibo 1.752.602 Venezuela
41%
100 Nanchang 3.518.975 China
41%
115 Nantong 2.987.600 China
41%
77 Taiyuan 4.303.673 China
41%
184 Handan 2.095.134 China
40%
150 Tangshan 2.549.968 China
40%
254 Wuhu 1.598.165 China
40%
162 Hohhot 2.373.399 China
39%
256 Leon 1.579.803 Mexiko
39%
164 Shaoxing 2.333.080 China
39%
163 Haikou 2.349.239 China
38%
175 Liuzhou 2.204.841 China
37%
157 Medan 2.435.252 Indonesien
36%
232 Patna 1.683.200 Indien
36%
183 Rawalpindi 2.098.231 Pakistan
36%
117 Quezon City 2.960.048 Philippinen
34%
236 Xining 1.677.177 China
33%
215 Datong 1.809.505 China
31%
267 Jilin 1.509.292 China
31%
221 Ganzhou 1.778.132 China
30%
199 Isfahan 1.961.260 Iran
30%
219 Jiangmen 1.795.459 China
30%
130 Lubumbashi 2.812.000 Demokratische Republik Kongo
30%
189 Weifang 2.044.028 China
29%
208 Multan 1.871.943 Pakistan
28%
229 Semarang 1.688.133 Indonesien
27%
140 Gazipur 2.674.697 Bangladesch
25%
155 Bekasi 2.468.448 Indonesien
24%
252 Daqing 1.604.027 China
24%
197 Peschawar 1.970.042 Pakistan
24%
217 Yantai 1.802.700 China
24%
203 Tangerang 1.895.486 Indonesien
23%
255 Karadsch 1.592.492 Iran
22%
259 Schiras 1.565.572 Iran
22%
260 Tabriz 1.558.693 Iran
22%
204 Depok 1.893.321 Indonesien
21%
238 Palembang 1.668.848 Indonesien
21%
125 Mbuji Mayi 2.892.000 Demokratische Republik Kongo
20%
207 Tainan 1.874.917 Taiwan
20%
246 Ghaziabad 1.636.068 Indien
17%
128 Xuzhou 2.845.552 China
16%
239 Vadodara 1.666.703 Indien
15%
233 Gaziantep 1.680.723 Türkei
14%
253 Kisangani 1.602.144 Demokratische Republik Kongo
14%
250 Ludhiana 1.613.878 Indien
13%
173 Zhuhai 2.207.090 China
13%
133 Kaohsiung 2.765.932 Taiwan
12%
129 Taichung 2.820.787 Taiwan
12%
81 Ekurhuleni 4.066.691 Südafrika
11%
205 Luoyang 1.892.500 China
11%
216 Huaiyin 1.804.611 China
10%
159 Omdurman 2.395.159 Sudan
10%
263 Putian 1.539.389 China
10%
171 Taoyuan 2.268.807 Taiwan
10%
230 Xianyang 1.686.403 China
10%
237 Zunyi 1.675.245 China
10%
240 Caloocan 1.661.584 Philippinen
9%
190 Gujranwala 2.027.001 Pakistan
9%
242 Kunshan 1.652.159 China
9%
269 Ciudad Juarez 1.501.551 Mexiko
8%
266 Qinhuangdao 1.520.199 China
8%
198 Al-Chartum Bahri 1.968.601 Sudan
7%
227 Pimpri-Chinchwad 1.729.359 Indien
6%
244 Ecapetec de Morelos 1.643.623 Mexiko
5%
226 Visakphantam 1.730.320 Indien
0%
Keine übereinstimmenden Quizze gefunden
Verteilung der Resultate
Anzahl Personen mit jedem Resultat
Perzentil nach korrekt beantworteten Fragen
Ihre Resultats-Entwicklung
Sie haben dieses Quiz noch nicht gespielt